[Event "French Championships"]
[Site "Val d'Isere, France"]
[Date "2002.08.30"]
[EventDate "2002.08.19"]
[Round "11"]
[Result "1/2-1/2"]
[White "Almira Skripchenko"]
[Black "Robert Fontaine"]
[WhiteElo "2497"]
[BlackElo "2514"]
[PlyCount "42"]

1. e4 c6 2. d4 d5 3. Nd2 dxe4 4. Nxe4 Bf5 5. Ng3 Bg6 6. h4 h6
7. Nf3 Nd7 8. h5 Bh7 9. Bd3 Bxd3 10. Qxd3 e6 11. Bd2 Ngf6
12. O-O-O Be7 13. Qe2 O-O 14. Ne5 c5 15. Be3 Qa5 16. Nxd7 Nxd7
17. Kb1 cxd4 18. Bxd4 Bf6 19. Bxf6 Nxf6 20. Ne4 Nxe4 21. Qxe4
Rad8 1/2-1/2

[Event "Olympiad, women"]
[Site "Bled SLO"]
[Date "2002.10.30"]
[EventDate "2002.10.26"]
[Round "5"]
[Result "1-0"]
[White "Almira Skripchenko"]
[Black "Monica Calzetta Ruiz"]
[WhiteElo "2497"]
[BlackElo "2239"]
[PlyCount "67"]

1. e4 c5 2. Nf3 g6 3. d4 cxd4 4. Qxd4 Nf6 5. Nc3 Nc6 6. Qa4 d6
7. e5 Ng4 8. exd6 Bg7 9. h3 Nge5 10. Nxe5 Bxe5 11. dxe7 Qxe7
12. Be3 Be6 13. Be2 O-O 14. O-O Rfc8 15. Bf3 Nd4 16. Bxd4 Rc4
17. Qb5 Bxd4 18. Nd5 Bxd5 19. Qxd5 Qc7 20. c3 Bf6 21. Qxb7 Rb8
22. Qxc7 Rxc7 23. Rab1 Rc5 24. Rfc1 Ra5 25. a3 Bg5 26. Rd1 Bf6
27. Be2 Rc5 28. Kf1 Rc6 29. Rdc1 Rb3 30. Bd1 Rb8 31. Bf3 Rd6
32. Rc2 Rdb6 33. b4 Ra6 34. Rb3 1-0

[Event "Olympiad, women"]
[Site "Bled SLO"]
[Date "2002.10.31"]
[EventDate "2002.10.26"]
[Round "6"]
[Result "1-0"]
[White "Almira Skripchenko"]
[Black "Jana Jackova"]
[WhiteElo "2497"]
[BlackElo "2361"]
[PlyCount "71"]

1. d4 d5 2. c4 dxc4 3. e3 Nf6 4. Bxc4 e6 5. Nf3 a6 6. a4 c5
7. O-O Nc6 8. Qe2 Be7 9. Rd1 Qc7 10. dxc5 Bxc5 11. b3 e5
12. h3 e4 13. Nh2 O-O 14. Bb2 Bd6 15. Nf1 Be5 16. Nc3 Nb4
17. Rac1 Qe7 18. Ba3 Bd6 19. Ng3 Bxg3 20. fxg3 a5 21. Na2 Re8
22. Qe1 Qe5 23. Nxb4 axb4 24. Bxb4 Be6 25. Bd6 Qf5 26. g4 Qg5
27. Bxe6 fxe6 28. Bf4 Qg6 29. Rc7 b6 30. Be5 Rac8 31. Rdc1
Rxc7 32. Rxc7 h5 33. gxh5 Nxh5 34. Rb7 Qg5 35. Bd4 Ng3
36. Rxg7+ 1-0

[Event "Olympiad, women"]
[Site "Bled SLO"]
[Date "2002.11.05"]
[EventDate "2002.10.26"]
[Round "10"]
[Result "1/2-1/2"]
[White "Ketino Kachiani-Gersinska"]
[Black "Almira Skripchenko"]
[WhiteElo "2439"]
[BlackElo "2497"]
[PlyCount "25"]

1. d4 d5 2. c4 c6 3. cxd5 cxd5 4. Nc3 Nc6 5. Bf4 a6 6. e3 Nf6
7. Nf3 Bf5 8. Bd3 Bxd3 9. Qxd3 e6 10. O-O Bd6 11. Bxd6 Qxd6
12. Rfc1 O-O 13. h3 1/2-1/2

[Event "Dubai open"]
[Site "?"]
[Date "2003.??.??"]
[EventDate "?"]
[Round "2"]
[Result "1-0"]
[White "Vugar Gashimov"]
[Black "Almira Skripchenko"]
[WhiteElo "2579"]
[BlackElo "2501"]
[PlyCount "81"]

1. e4 c5 2. Nf3 e6 3. d4 cxd4 4. Nxd4 Nf6 5. Nc3 Nc6 6. Ndb5
d6 7. Bf4 e5 8. Bg5 a6 9. Na3 b5 10. Bxf6 gxf6 11. Nd5 Bg7
12. c3 f5 13. exf5 Bxf5 14. Nc2 O-O 15. Nce3 Be6 16. Bd3 f5
17. O-O Ra7 18. f4 Raf7 19. Kh1 Qb8 20. Bc2 b4 21. Ba4 Ne7
22. Nxb4 a5 23. Nc6 Nxc6 24. Bxc6 exf4 25. Nd5 Qxb2 26. Qa4 f3
27. gxf3 Kh8 28. Rab1 Qd2 29. Rbd1 Qb2 30. Rg1 Bxd5 31. Bxd5
Re7 32. Qh4 Rfe8 33. Rb1 Qe2 34. Bc6 Qe3 35. Bxe8 Qxf3+
36. Rg2 Rxe8 37. Qg5 Qxc3 38. Rbg1 Rg8 39. Qxf5 Qc6 40. Qxa5
Bc3 41. Qxc3+ 1-0

[Event "Cappelle La Grande"]
[Site "France"]
[Date "2003.02.22"]
[EventDate "2003.02.22"]
[Round "1"]
[Result "1-0"]
[White "Almira Skripchenko"]
[Black "Olivier Simon"]
[WhiteElo "2501"]
[BlackElo "2293"]
[PlyCount "53"]

1. e4 c5 2. Nf3 e6 3. d3 Nc6 4. c3 g6 5. d4 cxd4 6. Nxd4 d6
7. Na3 Nf6 8. Nxc6 bxc6 9. e5 dxe5 10. Qxd8+ Kxd8 11. Bg5 Be7
12. Nc4 Nd7 13. Be3 f6 14. g4 Kc7 15. h4 Nb6 16. g5 Ba6
17. gxf6 Nxc4 18. Bxc4 Bxc4 19. fxe7 Bd5 20. Rg1 Kd6 21. Bg5
c5 22. b3 c4 23. bxc4 Bxc4 24. Rd1+ Kc6 25. Rd8 Bxa2 26. Rg4
e4 27. Rf4 1-0

[Event "Cappelle La Grande"]
[Site "France"]
[Date "2003.02.23"]
[EventDate "2003.02.22"]
[Round "2"]
[Result "1-0"]
[White "Pawel Czarnota"]
[Black "Almira Skripchenko"]
[WhiteElo "2314"]
[BlackElo "2501"]
[PlyCount "83"]

1. e4 c5 2. Ne2 Nc6 3. d4 cxd4 4. Nxd4 Nf6 5. Nc3 e6 6. g3 a6
7. Bg2 Qc7 8. O-O Bc5 9. Nb3 Ba7 10. Kh1 h5 11. Bf4 Ne5
12. Bxe5 Qxe5 13. f4 Qc7 14. e5 Ng4 15. Ne4 Ne3 16. Nd6+ Ke7
17. Qf3 f5 18. Rfe1 Nxg2 19. Qxg2 Rb8 20. c4 b6 21. Rad1 Bb7
22. Nxb7 Qxb7 23. Rd6 Rhc8 24. Red1 Rc7 25. R1d3 Qxg2+
26. Kxg2 Rbb7 27. Nd2 Rc8 28. Rb3 Rbc7 29. a4 Rc6 30. Rbd3
R8c7 31. Kh3 Rb7 32. Rxc6 dxc6 33. Rd6 Bb8 34. Rd3 g5 35. b4
g4+ 36. Kh4 b5 37. axb5 axb5 38. c5 Ra7 39. Nb3 Ra3 40. Kxh5
Bc7 41. Kg6 Bd8 42. Nc1 1-0

[Event "Cappelle La Grande"]
[Site "France"]
[Date "2003.02.24"]
[EventDate "2003.02.22"]
[Round "4"]
[Result "1-0"]
[White "Krystian Kuzmicz"]
[Black "Almira Skripchenko"]
[WhiteElo "2333"]
[BlackElo "2501"]
[PlyCount "119"]

1. e4 c5 2. g3 d5 3. exd5 Qxd5 4. Nf3 Bg4 5. Bg2 Qe6+ 6. Kf1
Nc6 7. h3 Bh5 8. Nc3 Qd7 9. d3 e6 10. Be3 Rd8 11. g4 Bg6
12. Nh4 Nd4 13. Nxg6 hxg6 14. Ne4 e5 15. c3 Ne6 16. Ng3 Ne7
17. Be4 Nd5 18. Qf3 Be7 19. Rd1 Nxe3+ 20. fxe3 Ng5 21. Qg2
Nxe4 22. Qxe4 O-O 23. Kg2 Qe6 24. b3 b5 25. Rhf1 a6 26. d4
cxd4 27. cxd4 Rd5 28. Ne2 b4 29. Qf3 e4 30. Qf2 g5 31. Kh1 g6
32. Qg2 Bd6 33. Rf2 Kg7 34. Rdf1 f6 35. Ng3 Bxg3 36. Qxg3 Rf7
37. Kh2 a5 38. Rc1 a4 39. bxa4 Ra5 40. Qb8 Ra6 41. Rc8 Qd6+
42. Qxd6 Rxd6 43. Rb8 Ra6 44. Rxb4 Rfa7 45. Rb8 Rxa4 46. Rb6
Rf7 47. Re6 f5 48. gxf5 gxf5 49. Rg2 Kf8 50. Rxg5 Rxa2+
51. Kg3 Re2 52. Kf4 Rf2+ 53. Ke5 Rf3 54. Ra6 Re7+ 55. Kd6 Rh7
56. Ra8+ Kf7 57. Ke5 Rhxh3 58. Ra7+ Kf8 59. Rg6 Rhg3 60. Rb6
1-0

[Event "Cappelle La Grande"]
[Site "France"]
[Date "2003.02.28"]
[EventDate "2003.02.22"]
[Round "8"]
[Result "0-1"]
[White "Jean-Luc Seret"]
[Black "Almira Skripchenko"]
[WhiteElo "2306"]
[BlackElo "2501"]
[PlyCount "80"]

1. d4 g6 2. Nf3 Bg7 3. e4 d6 4. c4 Bg4 5. Nc3 Nc6 6. Be3 e5
7. d5 Nd4 8. Nb5 Bxf3 9. gxf3 c5 10. dxc6 bxc6 11. Nxd4 exd4
12. Bxd4 Qa5+ 13. Ke2 Nf6 14. Bxf6 Bxf6 15. Bh3 Qc5 16. Qc2
O-O 17. Rhd1 Rad8 18. Rab1 Qh5 19. Bg2 Qxh2 20. Rh1 Qe5
21. Qd2 Bg7 22. b4 f5 23. b5 fxe4 24. fxe4 d5 25. Rhd1 Qh5+
26. Kf1 c5 27. cxd5 Bd4 28. Re1 Rxf2+ 29. Qxf2 Bxf2 30. Kxf2
Qe5 31. Kg1 c4 32. a4 c3 33. a5 Rf8 34. b6 axb6 35. axb6 Qd4+
36. Kh2 c2 37. Rbc1 Rf2 38. b7 Qe5+ 39. Kg1 Rd2 40. Ra1 Qg3
0-1

[Event "North Ural Cup"]
[Site "Krasnoturinsk"]
[Date "2003.08.13"]
[EventDate "?"]
[Round "5"]
[Result "1-0"]
[White "Svetlana Matveeva"]
[Black "Almira Skripchenko"]
[WhiteElo "2475"]
[BlackElo "2485"]
[PlyCount "135"]

1. d4 d5 2. c4 e6 3. Nc3 Be7 4. cxd5 exd5 5. Bf4 Nf6 6. e3 O-O
7. Nf3 c6 8. Bd3 a5 9. Qc2 Na6 10. a3 Nc7 11. h3 Re8 12. O-O
Ne6 13. Bh2 Nf8 14. Rab1 Be6 15. Rfc1 Rc8 16. Qb3 b5 17. Ne2
a4 18. Qc2 Bd6 19. Bxd6 Qxd6 20. Ne5 c5 21. Nc3 b4 22. Nb5 Qb8
23. Qxa4 c4 24. Be2 b3 25. Qb4 Bf5 26. Ra1 Re6 27. a4 N6d7
28. Nxc4 dxc4 29. Bxc4 Rg6 30. Qxb3 Rxc4 31. Qxc4 Bxh3 32. Qc7
Qa8 33. Kf1 Qxg2+ 34. Ke2 Bg4+ 35. Kd3 Bf5+ 36. Ke2 Bg4+
37. Kd3 Qxf2 38. Qf4 Qe2+ 39. Kc3 Be6 40. b3 Nb6 41. Nc7 Rg2
42. Kb4 Qd2+ 43. Kb5 Bd7+ 44. Kxb6 Qb4+ 45. Ka7 Rg6 46. a5 Bc6
47. a6 Bg2 48. e4 Qb6+ 49. Ka8 Rd6 50. Qxd6 Bxe4+ 51. Qd5
Bxd5+ 52. Nxd5 Qd8+ 53. Kb7 Qxd5+ 54. Rc6 Ne6 55. a7 Nd8+
56. Kc7 Qxc6+ 57. Kxd8 Qa8+ 58. Kc7 h5 59. b4 h4 60. b5 h3
61. b6 h2 62. b7 h1=Q 63. b8=Q+ Kh7 64. Rxh1+ Qxh1 65. a8=Q
Qh2+ 66. Kd7 Qh3+ 67. Ke7 Qe6+ 68. Kf8 1-0

[Event "3rd NAO GM"]
[Site "Paris FRA"]
[Date "2003.12.16"]
[EventDate "2003.12.15"]
[Round "2"]
[Result "1/2-1/2"]
[White "Yacov Murey"]
[Black "Almira Skripchenko"]
[WhiteElo "2465"]
[BlackElo "2460"]
[PlyCount "149"]

1. b3 e5 2. Bb2 Nc6 3. e3 Nf6 4. Bb5 Bd6 5. Na3 Na5 6. Nc4
Nxc4 7. Bxc4 Qe7 8. Nf3 O-O 9. O-O e4 10. Nh4 Be5 11. d4 exd3
12. Bxe5 Qxe5 13. Bxd3 d5 14. Nf3 Qe7 15. c4 dxc4 16. Bxc4 Bg4
17. Qd4 Bxf3 18. gxf3 Rfd8 19. Qf4 Rd6 20. Kh1 Rad8 21. Rg1 g6
22. Rg5 Nd5 23. Bxd5 Rxd5 24. Rxd5 Rxd5 25. Rc1 c5 26. Kg2 b6
27. h4 h5 28. Rc4 Kg7 29. b4 Rf5 30. Qe4 Re5 31. Qd3 cxb4
32. Qd4 Qf6 33. Rxb4 Ra5 34. a4 Qxd4 35. Rxd4 Kf6 36. f4 Ke6
37. Kf3 Rc5 38. Ke4 Rc2 39. f3 Rc5 40. Rb4 Rd5 41. f5+ Rxf5
42. Rd4 Rc5 43. Kf4 Rc3 44. e4 a5 45. e5 Rb3 46. Rd6+ Ke7
47. Kg3 Rb4 48. Rc6 Rxa4 49. Rxb6 Ra1 50. Ra6 a4 51. Kf4 a3
52. Ra7+ Ke6 53. Ra6+ Kd5 54. Ra5+ Kd4 55. Ra7 a2 56. Ra5 Kc4
57. Ra7 Kd5 58. Ra5+ Kc6 59. Ra7 Kb6 60. Ra8 Kb7 61. Ra5 Kc7
62. Ra7+ Kc6 63. Ra5 Kb6 64. Ra8 Kc5 65. Ra7 Kc4 66. Ra8 Kd3
67. Ra7 Ke2 68. Ra6 Kf2 69. Ra3 Kg2 70. Kg5 Re1 71. Rxa2+ Kxf3
72. Kf6 Re4 73. Kxf7 Rxe5 74. Kxg6 Kg3 75. Ra4 1/2-1/2

[Event "2nd North Urals Cup"]
[Site "Krasnoturinsk RUS"]
[Date "2004.??.??"]
[EventDate "?"]
[Round "1"]
[Result "1-0"]
[White "Almira Skripchenko"]
[Black "Maria Kursova"]
[WhiteElo "2453"]
[BlackElo "2334"]
[PlyCount "85"]

1. e4 c5 2. Nf3 e6 3. Nc3 a6 4. g3 b5 5. Bg2 Bb7 6. d3 Nc6
7. O-O d6 8. Ng5 h6 9. Nh3 Nf6 10. f4 b4 11. Ne2 d5 12. e5 Ng4
13. c3 g6 14. a3 h5 15. Ng5 Be7 16. axb4 cxb4 17. d4 Qb6
18. Nf3 Nh6 19. Be3 O-O 20. h3 a5 21. Re1 Ba6 22. Nc1 Rfc8
23. Nb3 Bb5 24. Nc5 Ra7 25. Bf2 Qb8 26. Nh2 Nf5 27. g4 hxg4
28. hxg4 Ng7 29. Nf3 Qa8 30. Bf1 Bxf1 31. Rxf1 Qb8 32. Kg2
bxc3 33. bxc3 f5 34. exf6 Bxf6 35. Qd2 Be7 36. Rfe1 Bxc5
37. dxc5 Rf8 38. Be3 Qd8 39. Qd3 Qf6 40. Rf1 Rb7 41. Rf2 Rb3
42. Nd4 Nxd4 43. Bxd4 1-0

[Event "2nd Fraenkische Grossmeistertage"]
[Site "Pulvermuehle GER"]
[Date "2004.02.19"]
[EventDate "2004.02.19"]
[Round "1"]
[Result "0-1"]
[White "Daniel Stellwagen"]
[Black "Almira Skripchenko"]
[WhiteElo "2489"]
[BlackElo "2456"]
[PlyCount "82"]

1. e4 c5 2. Nf3 e6 3. c3 Nf6 4. e5 Nd5 5. d4 cxd4 6. cxd4 d6
7. Nc3 Nxc3 8. bxc3 Qc7 9. Bd2 Nd7 10. Bd3 dxe5 11. O-O Be7
12. Re1 O-O 13. Nxe5 Nxe5 14. Rxe5 Bd6 15. Rg5 f5 16. Qh5 Bd7
17. Re1 Rf7 18. Bc2 Rf6 19. Qh3 h6 20. Rh5 Raf8 21. Bb3 Kh7
22. Rh4 Rg6 23. Bd1 Bc6 24. Bf3 Bd5 25. Bxd5 exd5 26. Qf3 Qc4
27. Bf4 Qxa2 28. Bxd6 Rxd6 29. g3 Rf7 30. Rf4 Rdf6 31. h4 a5
32. Kg2 a4 33. Re8 Qc4 34. h5 a3 35. Ra8 a2 36. Ra3 Kg8
37. Ra8+ Rf8 38. Rxf8+ Rxf8 39. Rxf5 Rxf5 40. Qxf5 a1=Q
41. Qe6+ Kf8 0-1

[Event "2nd Fraenkische Grossmeistertage"]
[Site "Pulvermuehle GER"]
[Date "2004.02.20"]
[EventDate "2004.02.19"]
[Round "2"]
[Result "1/2-1/2"]
[White "Almira Skripchenko"]
[Black "Jan Gustafsson"]
[WhiteElo "2456"]
[BlackElo "2572"]
[PlyCount "60"]

1. e4 e5 2. Nf3 Nc6 3. Nc3 Nf6 4. d4 exd4 5. Nxd4 Bb4 6. Nxc6
bxc6 7. Bd3 d5 8. exd5 O-O 9. O-O cxd5 10. Bg5 c6 11. Qf3 Bd6
12. Ne2 Bg4 13. Bxf6 Bxf3 14. Bxd8 Bxe2 15. Bxe2 Rfxd8
16. Rad1 a5 17. a4 Rab8 18. b3 g6 19. g3 Bb4 20. Kg2 Rd6
21. Bf3 Re8 22. Rd3 Kg7 23. Rfd1 Rf6 24. Rb1 Bc5 25. Rf1 Re5
26. Rd2 Rfe6 27. Rfd1 g5 28. Rb1 f5 29. h3 Kg6 30. c3 Re1
1/2-1/2

[Event "2nd Fraenkische Grossmeistertage"]
[Site "Pulvermuehle GER"]
[Date "2004.02.21"]
[EventDate "2004.02.19"]
[Round "3"]
[Result "1/2-1/2"]
[White "Klaus Bischoff"]
[Black "Almira Skripchenko"]
[WhiteElo "2561"]
[BlackElo "2456"]
[PlyCount "29"]

1. Nf3 c5 2. g3 Nc6 3. Bg2 g6 4. O-O Bg7 5. c3 e5 6. d3 Nge7
7. a3 O-O 8. b4 d6 9. Bb2 h6 10. Nfd2 Be6 11. Nb3 cxb4
12. axb4 a6 13. N1d2 Rc8 14. Qb1 Rc7 15. Rc1 1/2-1/2

[Event "2nd Fraenkische Grossmeistertage"]
[Site "Pulvermuehle GER"]
[Date "2004.02.22"]
[EventDate "2004.02.19"]
[Round "5"]
[Result "1-0"]
[White "Michael Prusikin"]
[Black "Almira Skripchenko"]
[WhiteElo "2519"]
[BlackElo "2456"]
[PlyCount "115"]

1. d4 d5 2. Nf3 e6 3. g3 Nf6 4. c4 dxc4 5. Bg2 Nc6 6. Qa4 Bb4+
7. Bd2 Nd5 8. Qb5 Bxd2+ 9. Nbxd2 O-O 10. Qxc4 Nb6 11. Qc3 Nd5
12. Qb3 Nb6 13. Qc3 Nd5 14. Qc5 Qd6 15. Rc1 Rd8 16. O-O Qxc5
17. Rxc5 Ndb4 18. a3 Na6 19. Rc4 e5 20. b4 Nxd4 21. Nxd4 Rxd4
22. Rxd4 exd4 23. Nb3 c6 24. Rd1 Be6 25. Na5 Rb8 26. Rxd4 Kf8
27. Rd3 Nc7 28. f4 g6 29. Kf2 f5 30. h3 a6 31. Rd6 Kf7 32. Bf3
Nb5 33. Rd3 Nc7 34. g4 Nd5 35. Kg3 Ke7 36. g5 Bf7 37. h4 Kf8
38. Rd4 Kg7 39. Rd1 Kf8 40. Rc1 Ne7 41. h5 gxh5 42. e4 fxe4
43. Bxe4 Bg6 44. f5 Bf7 45. Rd1 Bd5 46. Bxd5 cxd5 47. f6 Ng6
48. Rxd5 b6 49. Nc6 Re8 50. Rd7 Re6 51. Nd4 Re5 52. Nf3 h4+
53. Kg4 Re4+ 54. Kh5 Kg8 55. Rg7+ Kh8 56. Kh6 Nf8 57. g6 Nxg6
58. f7 1-0

[Event "2nd Fraenkische Grossmeistertage"]
[Site "Pulvermuehle GER"]
[Date "2004.02.22"]
[EventDate "2004.02.19"]
[Round "4"]
[Result "1/2-1/2"]
[White "Almira Skripchenko"]
[Black "Fabian Doettling"]
[WhiteElo "2456"]
[BlackElo "2532"]
[PlyCount "59"]

1. e4 c6 2. d4 d5 3. Nd2 dxe4 4. Nxe4 Bf5 5. Ng3 Bg6 6. h4 h6
7. Nf3 Nd7 8. h5 Bh7 9. Bd3 Bxd3 10. Qxd3 e6 11. Bf4 Qa5+
12. Bd2 Bb4 13. Ne4 Ngf6 14. Nd6+ Ke7 15. Nc4 Bxd2+ 16. Nfxd2
Qc7 17. Ne4 c5 18. Ncd6 Rhd8 19. O-O-O Nxe4 20. Nxe4 Rac8
21. Kb1 cxd4 22. Qxd4 Qxc2+ 23. Ka1 Nc5 24. Nd6 Kf8 25. Qf4
Rc7 26. Rc1 Qxc1+ 27. Rxc1 Nd3 28. Rxc7 Nxf4 29. Rxf7+ Kg8
30. Rxf4 1/2-1/2

[Event "2nd Fraenkische Grossmeistertage"]
[Site "Pulvermuehle GER"]
[Date "2004.02.23"]
[EventDate "2004.02.19"]
[Round "6"]
[Result "1/2-1/2"]
[White "Almira Skripchenko"]
[Black "Jonny Hector"]
[WhiteElo "2456"]
[BlackElo "2518"]
[PlyCount "114"]

1. e4 e5 2. Nf3 Nc6 3. Bc4 Nf6 4. d3 Bc5 5. c3 a6 6. Bb3 d6
7. O-O Bg4 8. Be3 O-O 9. Nbd2 Nd7 10. h3 Bh5 11. Qe1 Kh8
12. Nh2 Bg6 13. g4 Ba7 14. Bxa7 Rxa7 15. Qe3 Nc5 16. Bd5 Ra8
17. f4 exf4 18. Rxf4 Ne7 19. Bb3 Nxb3 20. axb3 Re8 21. Qg3 f6
22. h4 Ng8 23. Re1 a5 24. Ndf1 a4 25. bxa4 Rxa4 26. Ne3 c6
27. h5 Bf7 28. d4 c5 29. Nf5 cxd4 30. cxd4 Be6 31. Nf3 Bxf5
32. Rxf5 h6 33. Rb5 Qc7 34. Rd5 Ra6 35. Rc5 Qb6 36. Rc2 Qb3
37. Rce2 Rea8 38. Qf2 Ne7 39. d5 Ra1 40. Kg2 Rxe1 41. Qxe1 Nc8
42. Nd4 Qa4 43. Nf5 Nb6 44. Qf2 Qd1 45. Qe1 Qa4 46. Qf2 Nd7
47. Nxd6 Ne5 48. Nf5 Qd1 49. Qe1 Qd3 50. Re3 Qc2+ 51. Qe2 Qb1
52. Ra3 Rxa3 53. bxa3 Qb3 54. Ne7 Qxa3 55. Ng6+ Kg8 56. Nxe5
fxe5 57. Qb5 Qe3 1/2-1/2

[Event "2nd Fraenkische Grossmeistertage"]
[Site "Pulvermuehle GER"]
[Date "2004.02.24"]
[EventDate "2004.02.19"]
[Round "7"]
[Result "1-0"]
[White "Michael Bezold"]
[Black "Almira Skripchenko"]
[WhiteElo "2456"]
[BlackElo "2456"]
[PlyCount "101"]

1. g3 e5 2. Bg2 d5 3. d3 g6 4. c4 dxc4 5. Qa4+ c6 6. Qxc4 Bg7
7. Nf3 Ne7 8. O-O h6 9. Nbd2 O-O 10. Qc2 Be6 11. Nc4 Nd7
12. Bd2 Nd5 13. b4 Qe7 14. Rab1 Rfd8 15. e4 N5b6 16. Na5 Nf8
17. Be3 Bg4 18. Ne1 Rab8 19. h3 Bd7 20. Nf3 Be8 21. Rfc1 Ne6
22. a3 f5 23. exf5 gxf5 24. Re1 Bh5 25. Bc5 Qc7 26. Nh4 f4
27. g4 Bf7 28. Nf5 Nc8 29. Nxg7 Nxg7 30. Qc3 Bd5 31. Qxe5 Qxe5
32. Rxe5 Bxg2 33. Kxg2 Rxd3 34. Rb3 Rd7 35. Rf3 Nb6 36. Rxf4
Nd5 37. Rf3 Rc8 38. Be3 Kh7 39. Kg3 b6 40. Nb3 Rg8 41. Bc1
Rgd8 42. Nd2 Nc7 43. Ne4 Rd1 44. Be3 Nd5 45. Nf6+ Kg6 46. Nxd5
cxd5 47. Re7 d4 48. Bf4 h5 49. Be5 Ne8 50. Rf8 hxg4 51. Re6+
1-0

[Event "2nd Fraenkische Grossmeistertage"]
[Site "Pulvermuehle GER"]
[Date "2004.02.26"]
[EventDate "2004.02.19"]
[Round "9"]
[Result "1/2-1/2"]
[White "Almira Skripchenko"]
[Black "Stuart C Conquest"]
[WhiteElo "2456"]
[BlackElo "2543"]
[PlyCount "84"]

1. e4 Nf6 2. e5 Nd5 3. d4 d6 4. Nf3 dxe5 5. Nxe5 c6 6. Bc4 Nd7
7. Nf3 e6 8. O-O Be7 9. Bb3 b5 10. Re1 O-O 11. a4 N7f6 12. Qe2
b4 13. Ne5 Bb7 14. a5 a6 15. Nd2 c5 16. Ndf3 cxd4 17. Nxd4 Bc5
18. Ndf3 Qc7 19. Bd2 Rad8 20. Bc4 Qc8 21. Bd3 Ne7 22. Bg5 Ng6
23. Nxg6 hxg6 24. Be3 Be7 25. Bb6 Rd5 26. Rac1 Qa8 27. c4 bxc3
28. bxc3 Rh5 29. c4 Rc8 30. Rb1 Bd6 31. Red1 Bc5 32. Rb2 Bc6
33. Re1 Nd7 34. Reb1 Re8 35. Bc2 Nf6 36. Bc7 Nd7 37. Bb6 Ba3
38. Ra2 Bd6 39. Rd1 Bc5 40. Rb1 Rc8 41. Rab2 Ba3 42. Ra2 Bc5
1/2-1/2

[Event "101st New York Masters"]
[Site "New York"]
[Date "2004.05.11"]
[EventDate "2004.05.11"]
[Round "1"]
[Result "0-1"]
[White "Robert Lee Hess"]
[Black "Almira Skripchenko"]
[WhiteElo "2169"]
[BlackElo "2456"]
[PlyCount "80"]

1. e4 c5 2. Nf3 e6 3. c3 Nf6 4. e5 Nd5 5. Bc4 d6 6. O-O Nc6
7. Bxd5 exd5 8. exd6 Bxd6 9. Re1+ Be6 10. d4 O-O 11. dxc5 Bxc5
12. Nbd2 Qb6 13. Rf1 d4 14. Ne4 dxc3 15. bxc3 Bc4 16. Nxc5
Qxc5 17. Be3 Qa5 18. Re1 Qxc3 19. Rc1 Qd3 20. Qxd3 Bxd3
21. Nd4 Nxd4 22. Bxd4 Rfd8 23. Be3 Bb5 24. Rc7 Bc6 25. h4 Re8
26. Rc1 h6 27. Bxa7 Re4 28. a3 Rxh4 29. f3 Rd8 30. Bc5 Rd2
31. Bb4 Ra2 32. Re1 Rh5 33. Ree7 Rg5 34. g4 Bxf3 35. Rxf7
Rxg4+ 36. Kf1 Bg2+ 37. Ke1 Bd5 38. Rf8+ Kh7 39. Rc1 Re4+
40. Kf1 Bc4+ 0-1

[Event "37th Chess Olympiad: Women"]
[Site "Turin ITA"]
[Date "2006.05.22"]
[EventDate "2006.05.21"]
[Round "2"]
[Result "0-1"]
[White "Ellen Hagesaether"]
[Black "Almira Skripchenko"]
[WhiteElo "2226"]
[BlackElo "2423"]
[PlyCount "156"]

1. e4 c5 2. d3 Nc6 3. g3 g6 4. Bg2 Bg7 5. f4 d6 6. Nf3 Nf6
7. O-O O-O 8. Nc3 Bg4 9. h3 Bxf3 10. Qxf3 Nd7 11. Kh1 Rb8
12. Nd1 b5 13. Qf2 Qc8 14. Be3 b4 15. g4 Qa6 16. Qd2 b3
17. cxb3 Rxb3 18. axb3 Qa3 19. Ra2 Qxa2 20. e5 Qa6 21. exd6
exd6 22. f5 Nb4 23. d4 Qd3 24. dxc5 dxc5 25. fxg6 hxg6 26. Nc3
Qxd2 27. Bxd2 Ne5 28. Ne4 Nbd3 29. Bc3 Rb8 30. Nd6 Rd8
31. Bxe5 Nxe5 32. Nb7 Rd2 33. Nxc5 Rxb2 34. Bd5 Rd2 35. Bg2
Rc2 36. Ne4 Rb2 37. Nc5 Bf8 38. Rc1 Bh6 39. Re1 Bf4 40. Kg1
Kg7 41. Kf1 Rc2 42. Ne4 f5 43. gxf5 gxf5 44. Nf2 Bg3 45. Re3
Rc1+ 46. Ke2 f4 47. Rxe5 f3+ 48. Kxf3 Bxe5 49. Nd3 Rc3 50. Ke2
Rc2+ 51. Kf1 Bg3 52. Bd5 Kf6 53. Nb4 Rf2+ 54. Kg1 Rd2 55. Bc4
Kf5 56. Kf1 Ke4 57. Be2 Rb2 58. Nc6 Ke3 59. Bg4 Kf4 60. Nxa7
Ke3 61. Nc6 Rxb3 62. Ne7 Be5 63. Nf5+ Kd3 64. Be2+ Ke4 65. Bg4
Rb2 66. Ke1 Kd3 67. Kf1 Bf4 68. Ke1 Rc2 69. Kf1 Be5 70. Ke1
Bf4 71. Kf1 Bc7 72. Ng3 Ke3 73. Nf5+ Ke4 74. Ke1 Kd3 75. Kf1
Rb2 76. Ke1 Bb6 77. Kf1 Rf2+ 78. Ke1 Rg2 0-1

[Event "French Championship (Women)"]
[Site "Belfort FRA"]
[Date "2010.08.17"]
[EventDate "2010.08.10"]
[Round "7"]
[Result "0-1"]
[White "Marina Roumegous"]
[Black "Almira Skripchenko"]
[WhiteElo "2181"]
[BlackElo "2458"]
[PlyCount "98"]

1. d4 d6 2. e4 g6 3. Nf3 Bg7 4. Nc3 a6 5. Be3 b5 6. Bd3 Nd7
7. a4 b4 8. Ne2 Ngf6 9. h3 Bb7 10. Ng3 a5 11. O-O O-O 12. Qd2
Nb6 13. c3 bxc3 14. bxc3 Qd7 15. Rfb1 Ba6 16. Bxa6 Rxa6
17. Qd3 Rfa8 18. Rb5 c6 19. Rbb1 Qc7 20. Nd2 Nfd7 21. f4 e6
22. f5 exf5 23. exf5 d5 24. Ne2 c5 25. fxg6 hxg6 26. Bf4 Qc8
27. Rb5 Qc6 28. Ra2 Re8 29. Kf1 Raa8 30. Rb1 c4 31. Qc2 Qf6
32. Nf3 Rxe2 33. Qxe2 Qxf4 34. Kf2 Qd6 35. Rb5 Nf6 36. Kg1 Ne4
37. Qb2 Nd7 38. Ra1 Bh6 39. Re1 Bf4 40. Qc2 Ndf6 41. Qb2 Nd7
42. Qc2 Bg3 43. Rxe4 dxe4 44. Qxe4 Rb8 45. Rxb8+ Qxb8 46. Nd2
Qb2 47. Qe3 Qc1+ 48. Nf1 Qxe3+ 49. Nxe3 Nb6 0-1

[Event "French Championship (Women)"]
[Site "Belfort FRA"]
[Date "2010.08.18"]
[EventDate "2010.08.10"]
[Round "8"]
[Result "1-0"]
[White "Almira Skripchenko"]
[Black "Pauline Guichard"]
[WhiteElo "2458"]
[BlackElo "2320"]
[PlyCount "73"]

1. e4 c5 2. Nf3 e6 3. c3 Nf6 4. e5 Nd5 5. d4 cxd4 6. cxd4 d6
7. Bc4 Nb6 8. Bd3 dxe5 9. dxe5 Na6 10. Qe2 Nc5 11. Bc2 Nd5
12. O-O Be7 13. Nc3 Nxc3 14. bxc3 Bd7 15. Nd4 Qc7 16. Re1 Ba4
17. Bxa4+ Nxa4 18. Qg4 g6 19. Nxe6 fxe6 20. Qxa4+ Qd7 21. Qe4
O-O 22. Rb1 b6 23. Bh6 Rfd8 24. Qg4 Bc5 25. Re4 Rac8 26. h4
Bf8 27. Bg5 Re8 28. Rd1 Qc7 29. h5 gxh5 30. Qxh5 Qf7 31. Qh4
Bg7 32. Rf4 Qg6 33. Bf6 Rc7 34. Rg4 Qc2 35. Rdd4 Qc1+ 36. Kh2
Rf8 37. Bxg7 1-0

[Event "French Championship (Women)"]
[Site "Belfort FRA"]
[Date "2010.08.19"]
[EventDate "2010.08.10"]
[Round "9"]
[Result "1/2-1/2"]
[White "Silvia (Aleksieva) Collas"]
[Black "Almira Skripchenko"]
[WhiteElo "2333"]
[BlackElo "2458"]
[PlyCount "23"]

1. d4 d6 2. Nf3 Nf6 3. c4 g6 4. Nc3 Bg7 5. Bg5 O-O 6. e3 Nbd7
7. Be2 e5 8. O-O h6 9. Bh4 g5 10. Bg3 Nh5 11. dxe5 Nxg3
12. hxg3 1/2-1/2

[Event "Women's World Chess Championship"]
[Site "Antakya TUR"]
[Date "2010.12.12"]
[EventDate "?"]
[Round "3.4"]
[Result "1/2-1/2"]
[White "Viktorija Cmilyte"]
[Black "Almira Skripchenko"]
[WhiteElo "2514"]
[BlackElo "2460"]
[PlyCount "98"]

1. d4 d6 2. e4 Nf6 3. f3 e5 4. Ne2 exd4 5. Nxd4 Nc6 6. Be3 Be7
7. c4 O-O 8. Nc3 Nxd4 9. Qxd4 Be6 10. Be2 Nd7 11. O-O Ne5
12. Nd5 f5 13. exf5 Bxf5 14. Qd2 Nc6 15. Rad1 Kh8 16. Bd3 Qd7
17. b3 a5 18. Bxf5 Rxf5 19. f4 Rg8 20. Rde1 Bd8 21. Rf3 Ne7
22. Nxe7 Bxe7 23. Bd4 Bf6 24. Bxf6 Rxf6 25. Rfe3 h6 26. Re7
Qc6 27. Qd4 Rgf8 28. R1e3 R6f7 29. g3 b6 30. h4 Kg8 31. Qd5
Qxd5 32. cxd5 Rxe7 33. Rxe7 Rf5 34. Rxc7 Rxd5 35. Rb7 b5
36. Kf2 b4 37. Ke3 Rc5 38. g4 h5 39. g5 g6 40. Ke4 Rc2 41. Kd5
Rf2 42. Ke4 Rxa2 43. f5 Re2+ 44. Kf3 Rb2 45. fxg6 Rxb3+
46. Ke4 Rh3 47. Rb8+ Kg7 48. Rb7+ Kf8 49. Rb8+ Kg7 1/2-1/2